00429pab a2200145 454500008004000000100002500040245009700065260000900162300001000171362001000181650003000191650002800221650001400249773002000263180718b1996 xxu||||| |||| 00| 0 eng d aMerh-Ashraf, Sushama aAdult-continuing education and extension in higher educationbcritical issues and prospects. c1996 ap.5-7 a8 Apr aEducation, Higher - India aAdult education - India aEducation aUniversity News